00385nam a22001097a 4500020001900000040000900019082001700028245010000045942001200145999001900157952009900176 a978-1394221127 cNUST a624.068bMUB aProject Management in the Construction Industry: From Concept to Completion by Saleh A. Mubarak 2ddccBK c616350d616350 00102ddc4070aNITbNITd2026-02-23l0o624.068 / MUBpNIT-13791r2026-02-23w2026-02-23yBK